Complete the Beatles Song Titles - Statistics

General Stats
  • This quiz has been taken 523 times
  • The average score is 18 of 20
Answer Stats
song title % Correct
All You {Need} is Love
99%
Yellow {Submarine}
99%
Can't Buy Me {Love}
98%
{Eleanor} Rigby
97%
Love Me {Do}
97%
{Penny} Lane
97%
{Eight} Days a Week
96%
While My {Guitar} Gently Weeps
96%
Ticket to {Ride}
94%
Octopus's {Garden}
93%
Please {Please} Me
92%
Back in the {USSR}
89%
Got to Get You Into My {Life}
88%
Lovely {Rita}
86%
The {Fool} on the Hill
83%
{Baby} You're a Rich Man
82%
Being For the Benefit of Mr {Kite}
77%
All {Together} Now
76%
You Never Give Me Your {Money}
74%
I'll Be {Back}
66%
No matching quizzes found
Score Distribution
Percent of People with Each Score
Percentile by Number Answered
Your Score History
You have not taken this quiz